Behaviorálna ekonómia a možnosti jej aplikácie v marketingu

Vymedzenie behaviorálnej ekonómie a zadefinovanie niekoľkých možností jej aplikácie v marketingu. Vymedzenie a zadefinovanie systematických odchýliek od racionality ako aj poukázanie na možnosti aplikácie týchto odchýlok do marketingu. Vymedzenie možnosti pochopenia rozdielu medzi racionálnym a irac...

Description complète

Enregistré dans:
Détails bibliographiques
Auteur principal: Horváth, Martin
Format: Chapitre de livre
Langue:slovaque
Sujets:
Tags: Ajouter un tag
Pas de tags, Soyez le premier à ajouter un tag!

MARC

LEADER 00000nla a2200000 4500
001 0241278
005 20240502073928.0
041 0 |a slo 
044 |a SK 
245 1 0 |a Behaviorálna ekonómia a možnosti jej aplikácie v marketingu  |c Martin Horváth 
520 |a Vymedzenie behaviorálnej ekonómie a zadefinovanie niekoľkých možností jej aplikácie v marketingu. Vymedzenie a zadefinovanie systematických odchýliek od racionality ako aj poukázanie na možnosti aplikácie týchto odchýlok do marketingu. Vymedzenie možnosti pochopenia rozdielu medzi racionálnym a iracionálnym rozhodovaním spotrebiteľa. 
610 2 0 |a ekonómia behaviorálna 
610 2 0 |a behaviorizmus 
610 2 0 |a marketing 
610 2 0 |a spotrebitelia 
610 2 0 |a procesy rozhodovacie 
610 2 0 |a racionalita 
100 1 |a Horváth, Martin